000 01150nam a2200349Ia 4500
003 OSt
005 20220912144701.0
006 a|||||r|||| 00| 0
007 ta
008 220909b |||||||| |||| 00| 0 eng d
020 _a9780821887172 (pbk)
020 _aSL01559941
024 _a188630
037 _b6088, 13/03/2013, New India Book Agency
037 _cTextual
040 _aCSL
_beng
_cCSL
041 _aeng
082 _aB6:3, P3
100 _aIvey Thomas A; Landsberg J M
245 0 _aCartan for Beginners: Differential geomery via moving frames and exterior differential systems
260 _aProvidence
_bAMS
_c2003
300 _axiv,378p.
490 _aGraduate studies in mathematics
500 _aAppendix A-C 311-354p.; Bibliography 363-370p.; Index 371-378p.
650 _a Exterior differential systems
650 _a Geometry- differential
650 _aMathematics
700 _aIvey Thomas A; Landsberg J M
942 _hB6:3, P3
_cTEXL
_2CC
999 _c15707
_d15707